000 00546nam a22001817a 4500
005 20251108164749.0
008 250721s1972 xx 000 0 ara d
082 1 4 _a809.3/محم
100 1 _aعبد الله، محمد حسن
245 1 0 _aالإسلامية و الروحية في أدب نجيب محفوظ /
264 1 _aالكويت :
_bمكتبة الأمل،
_c1972.
300 _a200ص
650 1 7 _aالقصص
650 1 7 _aالتاريخ الأدبي
650 1 7 _aالنقد الأدبي
942 _2ddc
_cBK
999 _c13798
_d13798